Представление документа в формате RUSMARC

ПолеНазваниеЗначение
  Тип записи a
  Библиографический уровень m
001 Контрольный номер RU/SLIB/B/208765332
005 Дата корректировки 20201206204237.5
010 Индекс ISBN __
d Цена 10-00
101 Язык документа __
a Язык текста rus
c Язык оригинала rus
200 Заглавие и сведения об ответственности 0_
a Заглавие Указатель имен к книге А. А. Дунина-Горкавича "Тобольский Север"
f Первые сведения об ответственности Ханты-Манс. окр. б-ка ; [сост. В. К. Белобородов]
b Общее обозначение материала Текст
210 Выходные данные __
a Место издания Ханты-Мансийск
c Издательство [б. и.]
d Дата издания 1998
215 Физическое описание __
a Объем 12 с.
330 Аннотация __
a Аннотация Указатель будет интересен всем, кому небезразлична история края.
600 Персоналии __
a Персоналии (Фамилия) Дунин-Горкавич, А. А.
605 Заглавие как предмет __
a Заглавие Тобольский Север
606 Тематические рубрики __
a Основная рубрика Литература универсального содержания
606 Тематические рубрики __
y Географическая подрубрика Западная Сибирь; Тобольск; РФ; Россия
606 Тематические рубрики __
a Основная рубрика Библиографические пособия
606 Тематические рубрики __
a Основная рубрика География
606 Тематические рубрики __
a Основная рубрика Краеведение
610 Ключевые слова __
a Ключевые слова именные указатели; библиография; персоналии; история Сибири; история Севера; исторические личности; писатели; литературное творчество
686 Индексы других классификаций __
a Классификационный индекс 91.9:2
686 Индексы других классификаций __
a Классификационный индекс 26.89(253.3)я1
702 Вторичная интеллектуальная ответственность _1
a Фамилия Белобородов
b Имя В. К.
4 Код отношения Составитель
4 Код отношения 220
801 Источник записи _0
a Страна RU
b Организация Муниципальное бюджетное учреждение культуры "Централизованная библиотечная система" г. Сургут (Центральная городская библиотека им. А. С. Пушкина)
g Правила каталогизации КиК/Котельникова
801 Источник записи _1
a Страна RU
b Организация Муниципальное бюджетное учреждение культуры "Централизованная библиотечная система" г. Сургут (Центральная городская библиотека им. А. С. Пушкина)
g Правила каталогизации КиК/Котельникова
852 Данные о местонахождении __
j Шифр хранения 91.9:2
i Авторский знак У 42
p Инвентарный номер Б/Н
901 Тип документа __
t Тип документа m
903 Характеристики (МАРС) __
a Дата передачи 20061017; 20040312
969 Тип издания __
a Тип издания библиографический указатель
990 Данные о заказе (DOS) __
j Количество экземпляров (DOS) 1; 1
h N записи в КСУ для Б/У (DOS) 200611; 200403